| 000 | 00537nam a2200181 a 4500 | ||
|---|---|---|---|
| 005 | 20250513063843.0 | ||
| 008 | 991125s1941 mx 000 0 spa u | ||
| 035 | _aUPN01000055579 | ||
| 049 | _aCG | ||
| 050 | 4 |
_aPN1978 M6 _bT4.4 |
|
| 245 | 0 | 3 |
_aEl teatro mexicano de muñecos / _cpról. de Armando de María y Campos. |
| 260 |
_aMéxico : _bEl Nacional, _c1941. |
||
| 300 |
_a262 p. : _bil. |
||
| 440 | 0 | _aBiblioteca del maestro | |
| 650 | 4 |
_aTeatro _zMéxico _912553 |
|
| 650 | 2 |
_aTíteres y teatro de títeres _920000 |
|
| 905 | _aLibro | ||
| 999 |
_c55579 _d55579 |
||